Nové typy rozpúšťadiel a ich využitie v dvojfázových a trojfázových kontaktoroch- New Types of Solvents and their Application in Two- and Three-Phase Contactors

Na minha lista:
Detalhes bibliográficos
Autor principal: Marták, Ján
Formato: Livro
Idioma:eslovaco
Publicado em: Bratislava Fakulta chemickej a potravinárskej technológie STU 2007
Assuntos:
Acesso em linha:View in OPAC
Tags: Adicionar Tag
Sem tags, seja o primeiro a adicionar uma tag!

MARC

LEADER 00000nam a2200000 a 4500
005 20260127134326.0
008 080514 2007 xo 000 0 slo d
035 |a vtls009294035 
039 9 |a 200805200944  |b mschk02  |y 200805141108  |z mschk02 
040 |a STUSCHK1  |b slo  |c STUSCHK1  |e AACR2 
100 1 |a Marták, Ján 
245 1 |a Nové typy rozpúšťadiel a ich využitie v dvojfázových a trojfázových kontaktoroch- New Types of Solvents and their Application in Two- and Three-Phase Contactors  |c Ján Marták 
260 |a Bratislava  |b Fakulta chemickej a potravinárskej technológie STU  |c 2007 
300 |a 39 s.  |b tab.,grafy,lit.  |c 30 cm 
500 |a Ústav chemického a environmentálneho inžinierstva, Odd. chemického a biochemického inžinierstva 
650 0 |a typy rozpúšťadiel 
910 |a SCHK95 
999 |c 9897  |d 9897